书目信息 |
| 题名: |
戏曲演唱论著辑释
|
|
| 作者: | 周贻白 辑释 | |
| 分册: | ||
| 出版信息: | 上海 中国戏剧出版社 1962.12 |
|
| 页数: | 208页 | |
| 开本: | 20cm | |
| 丛书名: | ||
| 单 册: | ||
| 中图分类: | J80 | |
| 科图分类: | ||
| 主题词: | 戏剧--艺术理论 | |
| 电子资源: | ||
| ISBN: | ||
| 000 | 00503nam0 2200181 45 | |
| 001 | 0312221749 | |
| 005 | 20060407095157.26 | |
| 010 | @dCNY0.72 | |
| 100 | @a20031222d1962 km y0chiy0120 ea | |
| 101 | @achi | |
| 200 | 1 | @a戏曲演唱论著辑释@AXi Qu Yan Chang Lun Zhu Ji Shi@f周贻白辑释@FZhou Yi Bai Ji Shi |
| 210 | @a上海@c中国戏剧出版社@d1962.12 | |
| 215 | @a208页@d20cm | |
| 606 | 0 | @a戏剧@x艺术理论 |
| 690 | @aJ80@v4 | |
| 701 | 0 | @a周贻白@Azhou yi bai@4辑释 |
| 801 | @aCN@bTSTCL@c20060407 | |
| 905 | @dJ80@e14 | |
| 戏曲演唱论著辑释/周贻白辑释.-上海:中国戏剧出版社,1962.12 |
| 208页;20cm |
| ISBN :CNY0.72 |
| ● |
| 相关链接 |
|
|
|
|
正题名:戏曲演唱论著辑释
索取号:J80/14
 
预约/预借
| 序号 | 登录号 | 条形码 | 馆藏地/架位号 | 状态 | 备注 |
| 1 | 0106591 | 001223982 | 第一借阅区/ [索取号:J80/14] | 在馆 | |
| 2 | 0106592 | 202226233 | 密集书库/ [索取号:J80/14] | 在馆 | |
| 3 | 0106593 | 001223973 | 第一样本阅览室/ [索取号:J80/14] | 在馆 |